| 000 | 00703nam a22002177a 4500 | ||
|---|---|---|---|
| 003 | OSt | ||
| 005 | 20250731061621.0 | ||
| 008 | 250731b |||||||| |||| 00| 0 eng d | ||
| 020 | _a 9789712368257 | ||
| 040 |
_aDWCL-Main lib _cOC |
||
| 082 | _aRes. 346.599 D278l 2014 | ||
| 100 | _aDe Leon, Hector M. Jr. | ||
| 245 |
_aThe law on obligations and contracts/ _cHector M. De Leon Jr. |
||
| 250 | _a 2014 revised edition | ||
| 260 |
_a Manila : _bRex Book Store, _cc2014. |
||
| 300 |
_axxiii, 494 pages ; _c22 cm. |
||
| 650 | _a1. Contracts--Philippines. | ||
| 650 | _a2. Obligations (Law)--Philippines. | ||
| 700 | _aHector S. De Leon | ||
| 942 |
_2ddc _cBK-0 CIRC _e2014 revised edition _kRes. _n0 |
||
| 999 |
_c3923 _d3923 |
||